A lei de responsabilidade fiscal : (Record no. 1460)

MARC details
000 -LÍDER
Campo Fixo de Controle 00915nam a2200229 a 4500
001 - NÚMERO DE CONTROLE
Campo de Controle 1460
003 - IDENTIFICAÇÃO DO NÚMERO DE CONTROLE
Campo de Controle BR-CuiBMT
005 - DATA E HORA DA ÚLTIMA ATUALIZAÇÃO
Campo de Controle 20231213135803.0
008 - DADOS FIXOS
Dados Fixos 231211s2001 dtba 000 0 por d
040 ## - AGÊNCIA CATALOGADORA
Código da Agência Catalogadora BR-CuiBMT
Agência que transcreveu o registro BR-CuiBMT
080 ## - Nº DA CLASSIFICAÇÃO DECIMAL UNIVERSAL
Nº edição CDU 2007
Nº Class. CDU 351.72
090 ## - NÚMERO DE CHAMADA
Nº classificação 351.72
Cutter T664l
100 1# - ENTRADA PRINCIPAL -- AUTOR PESSOAL
Nome pessoal Tonet, Helena Correa
245 12 - TÍTULO PRINCIPAL
Título principal A lei de responsabilidade fiscal :
Subtítulo uma abordagem gerencial /
Indicação de responsabilidade Helena Tonet ; Rui Otávio Bernardes de Andrade ; Sebastião Luiz de Mello (coordenação).
260 ## - PUBLICAÇÃO, DISTRIBUIÇÃO, ETC.
Local de publicação Brasília :
Editora Conselho Federal de Administração,
Data 2001.
300 ## - DESCRIÇÃO FÍSICA
N. páginas ou volumes 66 p. :
Ilustrações il. color. ;
Dimensões 22 cm
504 ## - NOTA DE BIBLIOGRAFIA, ETC.
Nota de bibliografia Inclui bibliografia.
590 ## - NOTA LOCAL
Nota local A biblioteca possui o volume II - A gestão implícita no texto da LRF. Volume III - Habilidades e estratégias para a instrução.
650 ## - ASSUNTO TÓPICO
Cabeçalho tópico ou nome geográfico Lei de responsabilidade fiscal
Subdivisão geográfica Brasil
650 ## - ASSUNTO TÓPICO
Cabeçalho tópico ou nome geográfico Recursos públicos
Subdivisão de forma Gestão
Subdivisão geográfica Brasil
942 ## - ELEMENTOS DE ENTRADA ADICIONAIS (KOHA)
Fonte de classificação ou esquema de arquivamento Classificação Decimal Universal
Tipo de item do Koha Livros
Holdings
Estado: removido Estado: perdido Fonte de classificação ou esquema de arquivamento Estado: danificado Indisponível para empréstimo Localização permanente Localização atual Data de aquisição Numeração serial ou cronológica (Volume) Total Checkouts Número de Chamada completo Código de barras Date last seen Número do exemplar Preço efetivo a partir de Tipo de item (Koha)
    Classificação Decimal Universal     Biblioteca da Escola Superior de Contas do TCE/MT Biblioteca da Escola Superior de Contas do TCE/MT 11/12/2023 v. 3   351.72 T664l BIBTCEMT23120355 11/12/2023 Ex. 1 11/12/2023 Livros
    Classificação Decimal Universal     Biblioteca da Escola Superior de Contas do TCE/MT Biblioteca da Escola Superior de Contas do TCE/MT 11/12/2023 v. 2   351.72 T664l BIBTCEMT23120358 11/12/2023 Ex. 1 11/12/2023 Livros

Powered by Koha